Statystyki dla Andorskie parafie

Kliknij tutaj aby rozwiązać quiz!

Ogólne statystyki

  • Ten quiz został rozwiązany 4 razy
  • Średni wynik to 3 z 7

Statystyki odpowiedzi

Parafia% Poprawnych
Andora
100%
Encamp
67%
Canillo
33%
Escaldes-Engordany
33%
La Massana
33%
Ordino
33%
Sant Julià de Lòria
33%

Rozkład punktacji

Percentyl według liczby udzielonych odpowiedzi

Procent ludzi z każdym wynikiem

Twoja historia wyników

Nie rozwiązałeś tego quizu